| 000 | 00672nam a2200289Ia 4500 | ||
|---|---|---|---|
| 008 | 181129s9999 xx 000 0 und d | ||
| 020 | _a9781934876497 | ||
| 050 | _bR646 2008 bk6 | ||
| 100 | _aRoberts, Rachel | ||
| 245 | 0 | _aTrial by fire / | |
| 245 | 0 | _cby Rachel Roberts. | |
| 260 | _aCanada : | ||
| 260 | _bSeven Seas, | ||
| 260 | _c2008 | ||
| 300 | _a215 pages : | ||
| 300 | _billustrations ; | ||
| 300 | _c19cm. | ||
| 440 | _aAvalon : web of magic. | ||
| 440 | _v6 | ||
| 650 | _aFriendship -- | ||
| 650 | _aGraphic novels. | ||
| 650 | _aMagic. | ||
| 650 | _aWarlocks. | ||
| 650 | _xMiddle school. | ||
| 700 | _aSeries. | ||
| 700 | _aTitle. | ||
| 999 |
_c359495 _d359495 |
||